| 000 | 00811 a2200253 4500 | ||
|---|---|---|---|
| 003 | OSt | ||
| 005 | 20180116192332.0 | ||
| 008 | 120209t xxu||||| |||| 00| 0 eng d | ||
| 010 | _a 77182542 | ||
| 020 | _a081850031X | ||
| 040 | _c0 | ||
| 082 | 0 | 0 | _a153.42 |
| 100 | 1 | _aMcKim, Robert H. | |
| 245 | 1 | 0 |
_aExperiences in visual thinking _cRobert H. McKim. |
| 260 |
_aMonterey, Calif., _bBrooks/Cole Pub. Co. _c[1972] |
||
| 300 |
_axi, 171 p. _billus. _c22 x 28 cm. |
||
| 500 | _aIncludes index.(p179-p183) | ||
| 505 | _a1. Background -- 2. Preparations--3. Seeing--4. Imagining--5. Idea-sketching- | ||
| 650 | 0 | _aThought and thinking. | |
| 650 | 0 | _aVisualization. | |
| 650 | 0 | _aVisual perception | |
| 942 |
_aSADA _cBK _k153.42 MCK 1972 _2ddc |
||
| 999 |
_c352325 _d352325 |
||